[Event "2 Bundesliga Mitte 2006/2007"]
[Site "St Valentin"]
[Date "2006.10.28"]
[Round "1"]
[Board "1"]
[White "Schmidt, Peter"]
[Black "Buhmann, Rainer"]
[Result "0-1"]
[WhiteElo "2395"]
[BlackElo "2532"]
[PlyCount "72"]
[EventDate "2006.10.28"]
[EventType "team"]
[EventRounds "11"]
[EventCountry "AUT"]
[WhiteTeam "Sauwald"]
[BlackTeam "Maria Saal"]

1.Nf3 d5 2.d4 Nf6 3.c4 c6 4.cxd5 cxd5 5.Nc3 Nc6 6.Bf4 a6 7.Rc1 Nh5 8.Be5 f6
9.Bg3 Nxg3 10.hxg3 e5 11.e3 Be6 12.a3 Be7 13.Qb3 Bf7 14.Na4 Qa5+ 15.Kd1 O-O
16.Nc5 Bxc5 17.Rxc5 Qc7 18.Bd3 e4 19.Bb1 Rac8 20.Ng1 b6 21.Rc2 Qb7 22.Ne2 Na5
23.Qa2 b5 24.Rxc8 Rxc8 25.b4 Nc4 26.Nc1 a5 27.Nb3 axb4 28.axb4 Ra8 29.Qc2 Ra3
30.Ke2 Qc8 31.Nc5 Qg4+ 32.Ke1 Ra1 33.Nb3 Na3 34.Nxa1 Nxc2+ 35.Bxc2 Bh5 36.Kd2
Qe2+

[Event "2 Bundesliga Mitte 2006/2007"]
[Site "St Valentin"]
[Date "2006.10.28"]
[Round "1"]
[Board "2"]
[White "Kaspret, Guido"]
[Black "Testor, Sebastian"]
[Result "1-0"]
[WhiteElo "2325"]
[BlackElo "2233"]
[PlyCount "99"]
[EventDate "2006.10.28"]
[EventType "team"]
[EventRounds "11"]
[EventCountry "AUT"]
[WhiteTeam "Maria Saal"]
[BlackTeam "Sauwald"]

1.c4 Nf6 2.Nc3 c5 3.Nf3 e6 4.g3 b6 5.Bg2 Bb7 6.O-O Be7 7.b3 O-O 8.Bb2 a6 9.Rc1
b5 10.d4 cxd4 11.Qxd4 Nc6 12.Qf4 bxc4 13.Qxc4 d5 14.Qd3 Qa5 15.a3 Rfc8 16.b4 Qd8
17.Rfd1 Rc7 18.e4 dxe4 19.Qe2 Rd7 20.Rxd7 Qxd7 21.Nxe4 Nxe4 22.Qxe4 Rd8 23.Ne5
Nxe5 24.Qxb7 Qxb7 25.Bxb7 Nd3 26.Rb1 Nxb2 27.Rxb2 Rd6 28.Rc2 Bd8 29.Rc8 Kf8
30.Bxa6 Ke7 31.Be2 Rd2 32.Kf1 Rb2 33.Rb8 Bc7 34.Rb7 Kd6 35.a4 f5 36.f4 h6 37.h4
g6 38.Rb5 Kd7 39.a5 Rb3 40.a6 Ra3 41.Rb7 Rxg3 42.b5 Kc8 43.b6 Bxf4 44.Bb5 Rb3
45.Bd7+ Kd8 46.a7 Ra3 47.Bxe6 Be3 48.Bd5 Bxb6 49.Rb8+ Ke7 50.a8=Q

[Event "2 Bundesliga Mitte 2006/2007"]
[Site "St Valentin"]
[Date "2006.10.28"]
[Round "1"]
[Board "3"]
[White "Kirschner, Alexander"]
[Black "Horvath, Gabor"]
[Result "0-1"]
[WhiteElo "2256"]
[BlackElo "2273"]
[PlyCount "102"]
[EventDate "2006.10.28"]
[EventType "team"]
[EventRounds "11"]
[EventCountry "AUT"]
[WhiteTeam "Sauwald"]
[BlackTeam "Maria Saal"]

1.c4 g6 2.Nc3 Bg7 3.g3 d6 4.Bg2 e5 5.e3 Ne7 6.Nge2 Nbc6 7.d3 O-O 8.O-O Be6 9.Nd5
Qd7 10.Rb1 a5 11.a3 Nd8 12.b4 axb4 13.Nxe7+ Qxe7 14.axb4 Qd7 15.Qb3 Bh3 16.e4 h5
17.f3 Kh7 18.Be3 Bh6 19.Bxh6 Kxh6 20.Qb2 Kh7 21.Ra1 Bxg2 22.Kxg2 Ne6 23.f4 Rxa1
24.Qxa1 c5 25.b5 Nd4 26.Nxd4 cxd4 27.f5 g5 28.Qa7 Rc8 29.Rf2 Kg7 30.Ra2 g4
31.Qb6 h4 32.gxh4 Qe7 33.f6+ Qxf6 34.Rf2 Qe7 35.h5 Rh8 36.Rf5 Ra8 37.h6+ Kh7
38.Kg3 Ra3 39.Kxg4 Rxd3 40.c5 dxc5 41.Qf6 Qxf6 42.Rxf6 Rb3 43.Rxf7+ Kxh6 44.Rxb7
c4 45.Rb6+ Kg7 46.Rc6 c3 47.b6 d3 48.Kf3 d2 49.Ke2 Rb1 50.Rd6 c2 51.Rd7+ Kg6

[Event "2 Bundesliga Mitte 2006/2007"]
[Site "St Valentin"]
[Date "2006.10.28"]
[Round "1"]
[Board "4"]
[White "Reschun, Sascha"]
[Black "Lautner, Josef"]
[Result "1-0"]
[WhiteElo "2234"]
[BlackElo "2262"]
[PlyCount "65"]
[EventDate "2006.10.28"]
[EventType "team"]
[EventRounds "11"]
[EventCountry "AUT"]
[WhiteTeam "Maria Saal"]
[BlackTeam "Sauwald"]

1.e4 d6 2.d4 Nf6 3.Nc3 c6 4.g3 Nbd7 5.Bg2 e5 6.Nf3 b5 7.a3 a5 8.O-O Be7 9.Nh4
O-O 10.Nf5 Nb6 11.Ne3 Bb7 12.Re1 Qc7 13.Ne2 Rfe8 14.b3 d5 15.exd5 Nbxd5 16.Nxd5
Nxd5 17.c4 bxc4 18.bxc4 Nb6 19.Qc2 Bf6 20.dxe5 Bxe5 21.Rb1 Ba6 22.c5 Nc4 23.Bf1
Bf6 24.Bf4 Qa7 25.Qf5 Rad8 26.Bd6 Nxd6 27.cxd6 Rxd6 28.Qxa5 Qa8 29.Qc7 Rde6
30.Qf4 g6 31.Rbd1 Be5 32.Qc1 Bxe2 33.Bxe2 {Zeit}

[Event "2 Bundesliga Mitte 2006/2007"]
[Site "St Valentin"]
[Date "2006.10.28"]
[Round "1"]
[Board "5"]
[White "Niederwieser, Peter"]
[Black "Lako, Laszlo"]
[Result "1/2-1/2"]
[WhiteElo "2162"]
[BlackElo "2179"]
[PlyCount "45"]
[EventDate "2006.10.28"]
[EventType "team"]
[EventRounds "11"]
[EventCountry "AUT"]
[WhiteTeam "Sauwald"]
[BlackTeam "Maria Saal"]

1.d4 Nf6 2.c4 c5 3.d5 b5 4.Nf3 Bb7 5.g3 g6 6.Bg2 Bg7 7.O-O d6 8.a4 bxc4 9.Nc3
Nbd7 10.a5 Ba6 11.h3 O-O 12.Re1 Rb8 13.e4 Ne8 14.Ra2 Nc7 15.Bf4 Nb5 16.e5 Qc7
17.exd6 exd6 18.Ne4 Rfe8 19.Bf1 Nf6 20.Nxf6+ Bxf6 21.Rxe8+ Rxe8 22.Qa4 Rb8
23.Bxc4

[Event "2 Bundesliga Mitte 2006/2007"]
[Site "St Valentin"]
[Date "2006.10.28"]
[Round "1"]
[Board "6"]
[White "Eichert, Wolfgang"]
[Black "Kuran, Avelino"]
[Result "0-1"]
[WhiteElo "2159"]
[BlackElo "1993"]
[PlyCount "58"]
[EventDate "2006.10.28"]
[EventType "team"]
[EventRounds "11"]
[EventCountry "AUT"]
[WhiteTeam "Maria Saal"]
[BlackTeam "Sauwald"]

1.e4 c5 2.c3 d5 3.exd5 Qxd5 4.d4 Nc6 5.Nf3 Bg4 6.Be2 e6 7.Be3 cxd4 8.cxd4 Nf6
9.Nc3 Qd7 10.O-O Bd6 11.h3 Bh5 12.Bg5 Bxf3 13.Bxf3 Nxd4 14.Bxf6 gxf6 15.Bxb7 Rb8
16.Kh1 Rxb7 17.Qxd4 Be5 18.Qe4 Rxb2 19.Rad1 Rd2 20.Rxd2 Qxd2 21.Rd1 Qf4 22.Qc6+
Kf8 23.Kg1 Kg7 24.g3 Qf5 25.Rd7 Bxc3 26.Qxc3 Rb8 27.Kg2 Rb1 28.Rxa7 Qe4+ 29.f3
Qe2#

[Event "2 Bundesliga Mitte 2006/2007"]
[Site "St Valentin"]
[Date "2006.10.28"]
[Round "1"]
[Board "1"]
[White "Zaja, Ivan"]
[Black "Kozul, Zdenko"]
[Result "1/2-1/2"]
[WhiteElo "2445"]
[BlackElo "2593"]
[PlyCount "38"]
[EventDate "2006.10.28"]
[EventType "team"]
[EventRounds "11"]
[EventCountry "AUT"]
[WhiteTeam "SG Alpine Raika Trofaiach Niklasdorf"]
[BlackTeam "ZH Technologies Wolfsberg"]

1.d4 Nf6 2.c4 g6 3.Nc3 Bg7 4.e4 d6 5.Nf3 O-O 6.Be2 e5 7.O-O c6 8.Re1 exd4 9.Nxd4
Re8 10.Bf1 Ng4 11.h3 Qb6 12.hxg4 Qxd4 13.g5 Qxd1 14.Rxd1 Be5 15.f3 Nd7 16.Be3 f6
17.gxf6 Nxf6 18.Rac1 h5 19.Rc2 Kf7

[Event "2 Bundesliga Mitte 2006/2007"]
[Site "St Valentin"]
[Date "2006.10.28"]
[Round "1"]
[Board "2"]
[White "Stevic, Hrvoje"]
[Black "Bukal, Vladimir Jun"]
[Result "1-0"]
[WhiteElo "2491"]
[BlackElo "2407"]
[PlyCount "61"]
[EventDate "2006.10.28"]
[EventType "team"]
[EventRounds "11"]
[EventCountry "AUT"]
[WhiteTeam "ZH Technologies Wolfsberg"]
[BlackTeam "SG Alpine Raika Trofaiach Niklasdorf"]

1.e4 c5 2.Nf3 d6 3.c3 Nf6 4.Be2 Bd7 5.d3 g6 6.O-O Bg7 7.Re1 O-O 8.Bf1 Nc6 9.Nbd2
e5 10.a3 Qc7 11.b4 cxb4 12.axb4 b5 13.Nb3 a5 14.bxa5 Nxa5 15.Rb1 Nb7 16.d4 Nxe4
17.Rxe4 Bf5 18.Bd3 Qxc3 19.Re3 Bxd3 20.Rxd3 Qc4 21.Re3 Qd5 22.Qd3 exd4 23.Nfxd4
Nc5 24.Nxc5 Qxd4 25.Nb3 Qc4 26.Nd2 Qa4 27.Nf1 Rfc8 28.Bd2 Qc4 29.Rxb5 Bd4
30.Re8+ Kg7 31.Qxc4

[Event "2 Bundesliga Mitte 2006/2007"]
[Site "St Valentin"]
[Date "2006.10.28"]
[Round "1"]
[Board "3"]
[White "Bukal, Vladimir"]
[Black "Schachinger, Mario"]
[Result "0-1"]
[WhiteElo "2414"]
[BlackElo "2277"]
[PlyCount "84"]
[EventDate "2006.10.28"]
[EventType "team"]
[EventRounds "11"]
[EventCountry "AUT"]
[WhiteTeam "SG Alpine Raika Trofaiach Niklasdorf"]
[BlackTeam "ZH Technologies Wolfsberg"]

1.c4 c6 2.e4 d5 3.exd5 cxd5 4.d4 Nf6 5.Nc3 g6 6.Nf3 Bg7 7.Be2 O-O 8.O-O Nc6 9.h3
b6 10.Ne5 Bb7 11.Bf3 Na5 12.b4 Nxc4 13.Nxc4 Rc8 14.Nb5 Rxc4 15.Be2 Ne4 16.Be3
Rxb4 17.a3 Rb2 18.Bc1 Rxe2 19.Qxe2 a6 20.Be3 axb5 21.Qxb5 Nd6 22.Qb4 Nc4 23.Bg5
Re8 24.Rfe1 Bxd4 25.Bxe7 Rxe7 26.Qxe7 Qxe7 27.Rxe7 Bxa1 28.Rxb7 Bd4 29.Rd7 Bc5
30.Rxd5 Nxa3 31.Kf1 Kf8 32.f4 Ke7 33.Ke2 Nc4 34.Kd3 Nd6 35.g4 f5 36.Re5+ Kf7
37.Rd5 h6 38.Re5 Kf6 39.Rd5 Nf7 40.Rd7 g5 41.gxf5 gxf4 42.Ke4 f3

[Event "2 Bundesliga Mitte 2006/2007"]
[Site "St Valentin"]
[Date "2006.10.28"]
[Round "1"]
[Board "4"]
[White "Reichmann, Egon"]
[Black "Stuhlik, Marko"]
[Result "1/2-1/2"]
[WhiteElo "2336"]
[BlackElo "2229"]
[PlyCount "44"]
[EventDate "2006.10.28"]
[EventType "team"]
[EventRounds "11"]
[EventCountry "AUT"]
[WhiteTeam "ZH Technologies Wolfsberg"]
[BlackTeam "SG Alpine Raika Trofaiach Niklasdorf"]

1.e4 d6 2.d4 Nf6 3.Nc3 c6 4.a4 Qa5 5.Bd2 e5 6.d5 Qc7 7.Bc4 Be7 8.Nge2 Nbd7 9.Ba2
cxd5 10.Bxd5 Nb6 11.Nb5 Qb8 12.Ba5 Nbxd5 13.exd5 b6 14.Bb4 a6 15.Nbc3 O-O 16.O-O
Re8 17.Qd2 h6 18.Ng3 Qc7 19.b3 Bb7 20.Nge4 Nxe4 21.Nxe4 f5 22.Ng3 Bg5

[Event "2 Bundesliga Mitte 2006/2007"]
[Site "St Valentin"]
[Date "2006.10.28"]
[Round "1"]
[Board "5"]
[White "Mitter, Gerd"]
[Black "Zechner, Gernot"]
[Result "0-1"]
[WhiteElo "2194"]
[BlackElo "2245"]
[PlyCount "112"]
[EventDate "2006.10.28"]
[EventType "team"]
[EventRounds "11"]
[EventCountry "AUT"]
[WhiteTeam "SG Alpine Raika Trofaiach Niklasdorf"]
[BlackTeam "ZH Technologies Wolfsberg"]

1.Nf3 d5 2.g3 c6 3.Bg2 Nf6 4.O-O Bf5 5.d4 e6 6.c4 Nbd7 7.b3 h6 8.Nc3 Bd6 9.Bb2
O-O 10.Qd2 dxc4 11.Rfe1 Bb4 12.bxc4 Nb6 13.Ne5 Nfd7 14.Nxd7 Nxc4 15.Qc1 Qxd7
16.Rd1 Bg4 17.f3 Bh5 18.Ne4 Nxb2 19.Qxb2 Be7 20.Rab1 b6 21.Rbc1 Rfd8 22.Rd3 Rac8
23.Qb3 Bg6 24.Qa4 c5 25.Qxd7 Rxd7 26.dxc5 Rxd3 27.exd3 f5 28.Bh3 Kf7 29.Nd2 Rxc5
30.Rxc5 Bxc5+ 31.Kf1 Kf6 32.f4 Be8 33.Bg2 g5 34.Ke2 Bb5 35.Nf3 Bc6 36.fxg5+ hxg5
37.Ne1 Bxg2 38.Nxg2 g4 39.Kf1 e5 40.Ne1 b5 41.Nc2 a5 42.Kg2 b4 43.h4 gxh3+
44.Kxh3 a4 45.Na1 Bd4 46.Nc2 b3 47.axb3 axb3 48.Na3 Kg5 49.Nb1 b2 50.Nd2 Bc3
51.Nb1 Bb4 52.Kg2 Kg4 53.Kf2 Kh3 54.Kf3 Be1 55.d4 exd4 56.Kf4 d3

[Event "2 Bundesliga Mitte 2006/2007"]
[Site "St Valentin"]
[Date "2006.10.28"]
[Round "1"]
[Board "6"]
[White "Waldmann, Gerald"]
[Black "Soelkner, Karl"]
[Result "1/2-1/2"]
[WhiteElo "2153"]
[BlackElo "2065"]
[PlyCount "48"]
[EventDate "2006.10.28"]
[EventType "team"]
[EventRounds "11"]
[EventCountry "AUT"]
[WhiteTeam "ZH Technologies Wolfsberg"]
[BlackTeam "SG Alpine Raika Trofaiach Niklasdorf"]

1.e4 c5 2.Nf3 d6 3.d4 cxd4 4.Nxd4 a6 5.Nc3 Nf6 6.f4 Qc7 7.Qf3 Nc6 8.Be3 Nxd4
9.Bxd4 e5 10.fxe5 dxe5 11.Qg3 Bd6 12.Qxg7 exd4 13.Qxh8+ Ke7 14.Qxf6+ Kxf6
15.Nd5+ Ke5 16.Nxc7 Bxc7 17.Bc4 Ba5+ 18.Kf2 Bg4 19.Rhf1 Rc8 20.Bd3 Be6 21.Kf3
Rg8 22.h3 h5 23.Rf2 Bd8 24.Raf1 Bh4

[Event "2 Bundesliga Mitte 2006/2007"]
[Site "St Valentin"]
[Date "2006.10.29"]
[Round "2"]
[Board "1"]
[White "Horvath, Tamas"]
[Black "Fogarasi, Tibor"]
[Result "1/2-1/2"]
[WhiteElo "2427"]
[BlackElo "2435"]
[PlyCount "26"]
[EventDate "2006.10.28"]
[EventType "team"]
[EventRounds "11"]
[EventCountry "AUT"]
[WhiteTeam "SC Gleisdorf"]
[BlackTeam "Fuerstenfeld"]

1.e4 c5 2.Nf3 e6 3.d4 cxd4 4.Nxd4 a6 5.Bd3 d5 6.exd5 Qxd5 7.O-O Nd7 8.Be3 Ngf6
9.Nc3 Qd6 10.Ne4 Nxe4 11.Bxe4 Nf6 12.Bf3 Qc7 13.Qe2 Be7

[Event "2 Bundesliga Mitte 2006/2007"]
[Site "St Valentin"]
[Date "2006.10.29"]
[Round "2"]
[Board "2"]
[White "Wach, Markus"]
[Black "Meszaros, Tamas"]
[Result "1/2-1/2"]
[WhiteElo "2385"]
[BlackElo "2352"]
[PlyCount "62"]
[EventDate "2006.10.28"]
[EventType "team"]
[EventRounds "11"]
[EventCountry "AUT"]
[WhiteTeam "Fuerstenfeld"]
[BlackTeam "SC Gleisdorf"]

1.e4 e5 2.Nf3 Nc6 3.Bb5 Nf6 4.d3 Bc5 5.O-O Nd4 6.Nxd4 Bxd4 7.c3 Bb6 8.Qf3 c6
9.Ba4 d6 10.Bg5 h6 11.Bxf6 Qxf6 12.Qxf6 gxf6 13.Nd2 f5 14.Nc4 Bc7 15.Bb3 f4
16.d4 Ke7 17.a4 f5 18.dxe5 dxe5 19.exf5 Bxf5 20.Rfe1 Kf6 21.Rad1 Rad8 22.Nd2
Rhe8 23.f3 Bb6+ 24.Kh1 Bd3 25.Ne4+ Kg7 26.g3 Rd7 27.Bc4 Red8 28.Bxd3 Rxd3
29.Rxd3 Rxd3 30.Kg2 Be3 31.g4 a5

[Event "2 Bundesliga Mitte 2006/2007"]
[Site "St Valentin"]
[Date "2006.10.29"]
[Round "2"]
[Board "3"]
[White "Sandhu, Mario"]
[Black "Kilgus, Georg"]
[Result "1/2-1/2"]
[WhiteElo "2288"]
[BlackElo "2360"]
[PlyCount "82"]
[EventDate "2006.10.28"]
[EventType "team"]
[EventRounds "11"]
[EventCountry "AUT"]
[WhiteTeam "SC Gleisdorf"]
[BlackTeam "Fuerstenfeld"]

1.b3 g6 2.Bb2 Nf6 3.c4 Bg7 4.g3 O-O 5.Bg2 d6 6.d4 e5 7.dxe5 Nfd7 8.Nf3 Nc6 9.O-O
Ncxe5 10.Nxe5 Nxe5 11.Qd2 Rb8 12.Nc3 Be6 13.Nd5 c6 14.Ne3 Qb6 15.h3 Rfe8 16.Bc3
f5 17.Rad1 Nf7 18.Bxg7 Kxg7 19.Qc3+ Kg8 20.h4 Qc5 21.Qd4 a5 22.Bf3 a4 23.Ng2
Qxd4 24.Rxd4 axb3 25.axb3 Ra8 26.Nf4 Kg7 27.b4 Bd7 28.c5 d5 29.b5 Ne5 30.bxc6
bxc6 31.Rb1 Ra5 32.Rb7 Re7 33.Rc7 Nxf3+ 34.exf3 Kf7 35.Nd3 Kf6 36.f4 Ra1+ 37.Kg2
Rd1 38.Kf3 Re4 39.Ne5 Rdxd4 40.Nxd7+ Kg7 41.Ne5+ Kg8

[Event "2 Bundesliga Mitte 2006/2007"]
[Site "St Valentin"]
[Date "2006.10.29"]
[Round "2"]
[Board "4"]
[White "Gergacz, Attila"]
[Black "Frosch, Ronald"]
[Result "1-0"]
[WhiteElo "2230"]
[BlackElo "2264"]
[PlyCount "27"]
[EventDate "2006.10.28"]
[EventType "team"]
[EventRounds "11"]
[EventCountry "AUT"]
[WhiteTeam "Fuerstenfeld"]
[BlackTeam "SC Gleisdorf"]

1.e4 e6 2.d4 c5 3.Nf3 Nf6 4.e5 Nd5 5.c4 Nb6 6.Bg5 Qc7 7.d5 d6 8.Nc3 a6 9.a4 exd5
10.a5 N6d7 11.Nxd5 Qc6 12.Qe2 f6 13.Nc7+ Kd8 14.Ne6+

[Event "2 Bundesliga Mitte 2006/2007"]
[Site "St Valentin"]
[Date "2006.10.29"]
[Round "2"]
[Board "5"]
[White "Wanderer, Thomas"]
[Black "Stuetz, Leopold"]
[Result "1/2-1/2"]
[WhiteElo "2206"]
[BlackElo "2187"]
[PlyCount "32"]
[EventDate "2006.10.28"]
[EventType "team"]
[EventRounds "11"]
[EventCountry "AUT"]
[WhiteTeam "SC Gleisdorf"]
[BlackTeam "Fuerstenfeld"]

1.e4 e5 2.Bc4 Nf6 3.d3 c6 4.Nf3 d5 5.Bb3 Bd6 6.Nc3 d4 7.Ne2 h6 8.O-O c5 9.h3 g5
10.Nh2 Nc6 11.c3 Be6 12.Ng3 Qd7 13.Qf3 Be7 14.Nf5 O-O-O 15.Rd1 Rde8 16.Ng4 Nxg4

[Event "2 Bundesliga Mitte 2006/2007"]
[Site "St Valentin"]
[Date "2006.10.29"]
[Round "2"]
[Board "6"]
[White "Radnetter, Georg"]
[Black "Perhinig, Robert"]
[Result "1/2-1/2"]
[WhiteElo "1995"]
[BlackElo "2213"]
[PlyCount "22"]
[EventDate "2006.10.28"]
[EventType "team"]
[EventRounds "11"]
[EventCountry "AUT"]
[WhiteTeam "Fuerstenfeld"]
[BlackTeam "SC Gleisdorf"]

1.e4 e6 2.d4 d5 3.Nc3 dxe4 4.Nxe4 Nd7 5.Nf3 Ngf6 6.Nxf6+ Nxf6 7.Bd3 c5 8.c3 cxd4
9.cxd4 Bd7 10.O-O Qb6 11.Qe2 Be7

[Event "2 Bundesliga Mitte 2006/2007"]
[Site "St Valentin"]
[Date "2006.10.29"]
[Round "2"]
[Board "1"]
[White "Mohr, Georg"]
[Black "Rogic, Davor"]
[Result "1/2-1/2"]
[WhiteElo "2478"]
[BlackElo "2494"]
[PlyCount "30"]
[EventDate "2006.10.28"]
[EventType "team"]
[EventRounds "11"]
[EventCountry "AUT"]
[WhiteTeam "Strassenbahn Graz"]
[BlackTeam "ASVOe Raika StVeit/Glan"]

1.e4 c5 2.Nf3 e6 3.d4 cxd4 4.Nxd4 Nf6 5.Nc3 d6 6.g3 Bd7 7.Bg2 Nc6 8.O-O Be7 9.a4
a6 10.h3 O-O 11.Be3 Rc8 12.Qe2 Nxd4 13.Bxd4 Bc6 14.a5 Nd7 15.Rfd1 Qc7

[Event "2 Bundesliga Mitte 2006/2007"]
[Site "St Valentin"]
[Date "2006.10.29"]
[Round "2"]
[Board "2"]
[White "Jurkovic, Hryoje"]
[Black "Horvath, Gyula"]
[Result "1/2-1/2"]
[WhiteElo "2438"]
[BlackElo "2431"]
[PlyCount "63"]
[EventDate "2006.10.28"]
[EventType "team"]
[EventRounds "11"]
[EventCountry "AUT"]
[WhiteTeam "ASVOe Raika StVeit/Glan"]
[BlackTeam "Strassenbahn Graz"]

1.e4 e5 2.Nf3 Nc6 3.Nc3 Nf6 4.d4 exd4 5.Nxd4 Bb4 6.Nxc6 bxc6 7.Bd3 d5 8.exd5
cxd5 9.O-O O-O 10.Bg5 Be6 11.Ne2 h6 12.Bh4 Bd6 13.Nd4 Bd7 14.Re1 c5 15.Nf5 Bxf5
16.Bxf5 g5 17.Bg3 Bxg3 18.hxg3 Qd6 19.Qd2 Rfe8 20.Rxe8+ Rxe8 21.Re1 Re5 22.g4
Qe7 23.Kf1 Kg7 24.c3 a5 25.b3 Ne4 26.Bxe4 Rxe4 27.f3 Rxe1+ 28.Qxe1 Qd6 29.Qe3
Kf8 30.Ke2 f6 31.Kd3 Kf7 32.Kd2

[Event "2 Bundesliga Mitte 2006/2007"]
[Site "St Valentin"]
[Date "2006.10.29"]
[Round "2"]
[Board "3"]
[White "Butunoi, Alexandru"]
[Black "Mazi, Leon"]
[Result "1/2-1/2"]
[WhiteElo "2404"]
[BlackElo "2350"]
[PlyCount "132"]
[EventDate "2006.10.28"]
[EventType "team"]
[EventRounds "11"]
[EventCountry "AUT"]
[WhiteTeam "Strassenbahn Graz"]
[BlackTeam "ASVOe Raika StVeit/Glan"]

1.e4 e5 2.Nf3 Nc6 3.Bb5 a6 4.Ba4 Nf6 5.O-O Be7 6.Re1 b5 7.Bb3 d6 8.c3 O-O 9.h3
Nb8 10.d4 Nbd7 11.Nbd2 Bb7 12.Bc2 Re8 13.Nf1 Bf8 14.Ng3 g6 15.a4 c5 16.d5 c4
17.Nh2 Bg7 18.Ng4 Nxg4 19.Qxg4 Nc5 20.Be3 Bc8 21.Qe2 Bd7 22.Bxc5 dxc5 23.Ra2 Rb8
24.axb5 axb5 25.Rea1 Qc7 26.Qe3 Rb6 27.Ra7 Qd6 28.R1a5 Reb8 29.Nf1 Bf8 30.Qc1
Bc8 31.Qg5 Bb7 32.Ne3 h6 33.Qg3 Bg7 34.h4 h5 35.Bd1 Qd8 36.Nc2 Bc8 37.Na3 Qe8
38.Qe3 Bf8 39.Be2 Bd7 40.g3 Qd8 41.Bf1 R6b7 42.Kh2 Rxa7 43.Rxa7 Be8 44.Nc2 Qb6
45.Ra2 Kh7 46.Qc1 Bh6 47.Qa1 Qf6 48.Kg2 Bd7 49.Be2 Bc8 50.Ra7 Kg7 51.Rc7 Qa6
52.Qd1 Bb7 53.Na3 Qb6 54.Rd7 Kf8 55.d6 Bxe4+ 56.Bf3 Bd3 57.Bd5 Ke8 58.Re7+ Kd8
59.Qf3 Qxd6 60.Rxf7 Bf5 61.Rh7 Bf8 62.Be4 Qe6 63.Bxf5 gxf5 64.Qxh5 b4 65.Rf7 Be7
66.Nc2 bxc3

[Event "2 Bundesliga Mitte 2006/2007"]
[Site "St Valentin"]
[Date "2006.10.29"]
[Round "2"]
[Board "4"]
[White "Hebesberger, Thomas"]
[Black "Krebs, Johann"]
[Result "1/2-1/2"]
[WhiteElo "2333"]
[BlackElo "2276"]
[PlyCount "63"]
[EventDate "2006.10.28"]
[EventType "team"]
[EventRounds "11"]
[EventCountry "AUT"]
[WhiteTeam "ASVOe Raika StVeit/Glan"]
[BlackTeam "Strassenbahn Graz"]

1.c4 Nf6 2.Nc3 c5 3.g3 g6 4.Bg2 Bg7 5.Nf3 Nc6 6.d4 cxd4 7.Nxd4 O-O 8.O-O Nxd4
9.Qxd4 d6 10.Qd2 a6 11.b3 Rb8 12.Bb2 Be6 13.Rac1 Qa5 14.Rfd1 Rfc8 15.a3 Qh5
16.Nd5 Nxd5 17.Bxg7 Kxg7 18.cxd5 Bg4 19.Qd4+ Kg8 20.f3 Bd7 21.e4 Qe5 22.Qxe5
dxe5 23.Kf2 Rxc1 24.Rxc1 Rc8 25.Rc4 Kf8 26.Ke3 Ke8 27.Kd2 Kd8 28.Kc3 b6 29.Bf1
a5 30.b4 Rxc4+ 31.Bxc4 f6 32.f4

[Event "2 Bundesliga Mitte 2006/2007"]
[Site "St Valentin"]
[Date "2006.10.29"]
[Round "2"]
[Board "5"]
[White "Pesorda, Ivan"]
[Black "Smole, Albert"]
[Result "1-0"]
[WhiteElo "2250"]
[BlackElo "2136"]
[PlyCount "85"]
[EventDate "2006.10.28"]
[EventType "team"]
[EventRounds "11"]
[EventCountry "AUT"]
[WhiteTeam "Strassenbahn Graz"]
[BlackTeam "ASVOe Raika StVeit/Glan"]

1.d4 Nf6 2.c4 e6 3.Nc3 Bb4 4.Qc2 O-O 5.Nf3 d5 6.cxd5 exd5 7.Bg5 Nbd7 8.e3 Re8
9.Bd3 h6 10.Bh4 c6 11.O-O Bd6 12.Rab1 g5 13.Bg3 Bxg3 14.hxg3 Qe7 15.Nd2 Nf8
16.b4 Bg4 17.b5 Rec8 18.bxc6 Rxc6 19.Qb3 Be6 20.Na4 b6 21.Ba6 Rc7 22.Nc3 Qd8
23.Nb5 Re7 24.Rfc1 Bc8 25.Qa3 Bxa6 26.Qxa6 Rd7 27.Nf3 Ne8 28.Ne5 Nc7 29.Qb7 Nxb5
30.Nxd7 Na3 31.Rb3 Nc4 32.Ne5 Nxe5 33.dxe5 Ne6 34.Qc6 Nc5 35.Rbb1 Nd3 36.Rd1
Nxe5 37.Qxh6 Ng6 38.Rb5 a6 39.Rbxd5 Qe7 40.Rd7 Qf6 41.R1d6 Qa1+ 42.Kh2 Rf8
43.Rxg6+

[Event "2 Bundesliga Mitte 2006/2007"]
[Site "St Valentin"]
[Date "2006.10.29"]
[Round "2"]
[Board "6"]
[White "Kuess, Mario"]
[Black "Steiner, Stefan"]
[Result "0-1"]
[WhiteElo "2138"]
[BlackElo "2229"]
[PlyCount "80"]
[EventDate "2006.10.28"]
[EventType "team"]
[EventRounds "11"]
[EventCountry "AUT"]
[WhiteTeam "ASVOe Raika StVeit/Glan"]
[BlackTeam "Strassenbahn Graz"]

1.f4 Nf6 2.Nf3 d6 3.e3 Nc6 4.Be2 e5 5.O-O e4 6.Ne1 Be7 7.d4 d5 8.c4 dxc4 9.Bxc4
Nb4 10.Nc3 c6 11.a3 Nbd5 12.Bd2 Be6 13.Be2 Qd7 14.Nxd5 Nxd5 15.Qb1 f5 16.Nc2 O-O
17.a4 Rf6 18.b4 Rc8 19.Na3 Rh6 20.Nc4 Bf6 21.Qc1 Qe7 22.Qb2 Bf7 23.g3 Bh5
24.Bxh5 Rxh5 25.Ne5 g5 26.Rac1 Bxe5 27.dxe5 g4 28.Qb3 Qe6 29.Qc4 Rh6 30.Rc2 Nb6
31.Qxe6+ Rxe6 32.Bc3 a6 33.a5 Nd5 34.Bd2 Rd8 35.Kf2 Kf7 36.Rh1 Rh6 37.Ke2 Rh3
38.Rc4 h5 39.Rd4 h4 40.gxh4 Nxf4+

[Event "2 Bundesliga Mitte 2006/2007"]
[Site "St Valentin"]
[Date "2006.10.29"]
[Round "2"]
[Board "1"]
[White "Tompa, Janos"]
[Black "Shengelia, Davit"]
[Result "0-1"]
[WhiteElo "2407"]
[BlackElo "2490"]
[PlyCount "68"]
[EventDate "2006.10.28"]
[EventType "team"]
[EventRounds "11"]
[EventCountry "AUT"]
[WhiteTeam "ASK St Valentin"]
[BlackTeam "Union Styria Kleine Zeitung Graz 2"]

1.e4 c5 2.Nc3 d6 3.g3 g6 4.Bg2 Bg7 5.d3 Nc6 6.Nge2 e5 7.Nd5 Nce7 8.Nec3 Be6
9.Bg5 h6 10.Be3 h5 11.h3 Nxd5 12.Nxd5 h4 13.c4 Bxd5 14.cxd5 Qa5+ 15.Bd2 Qa6
16.Qf3 Bh6 17.Bxh6 Rxh6 18.O-O g5 19.Rfc1 Kf8 20.b4 cxb4 21.Qe3 Rg6 22.Rab1 Nf6
23.Rxb4 g4 24.Rc7 b5 25.hxg4 Qa5 26.g5 Qxc7 27.gxf6 hxg3 28.fxg3 Rxf6 29.Rxb5
Rb8 30.Rxb8+ Qxb8 31.Qg5 Rg6 32.Qh4 Qb6+ 33.Kh2 Kg7 34.Bh3 Qf2+

[Event "2 Bundesliga Mitte 2006/2007"]
[Site "St Valentin"]
[Date "2006.10.29"]
[Round "2"]
[Board "2"]
[White "Danner, Georg"]
[Black "Sandhoefner, Florian"]
[Result "0-1"]
[WhiteElo "2411"]
[BlackElo "2271"]
[PlyCount "98"]
[EventDate "2006.10.28"]
[EventType "team"]
[EventRounds "11"]
[EventCountry "AUT"]
[WhiteTeam "Union Styria Kleine Zeitung Graz 2"]
[BlackTeam "ASK St Valentin"]

1.d4 Nf6 2.Nf3 g6 3.c4 Bg7 4.Nc3 O-O 5.e4 d6 6.Be2 e5 7.d5 a5 8.O-O Na6 9.Bg5 h6
10.Bh4 Qe8 11.Nd2 Nh7 12.a3 Bd7 13.b3 f5 14.f3 Nf6 15.Bf2 Nh5 16.g3 f4 17.g4 Nf6
18.Kg2 g5 19.Rb1 h5 20.h3 Kf7 21.b4 axb4 22.axb4 Qe7 23.c5 Rh8 24.Nc4 Rh6 25.Qb3
Rah8 26.Rg1 Kg6 27.Kf1 hxg4 28.hxg4 Rh2 29.c6 bxc6 30.dxc6 Be6 31.Qa3 Nb8 32.b5
Qf8 33.Nd5 Bxd5 34.exd5 e4 35.b6 Nxd5 36.bxc7 Nxc7 37.Rxb8 Qxb8 38.Qxd6+ Kf7
39.Bb6 Nb5 40.Qxb8 Rxb8 41.fxe4 Bd4 42.Bxd4 Nxd4 43.Rg2 Rxg2 44.Kxg2 Nxc6 45.Kf2
Kg7 46.Nd6 Ne5 47.Nf5+ Kf6 48.Nd6 Rb2 49.Ke1 f3

[Event "2 Bundesliga Mitte 2006/2007"]
[Site "St Valentin"]
[Date "2006.10.29"]
[Round "2"]
[Board "5"]
[White "Kranzl, Peter"]
[Black "Wagner, Stephan"]
[Result "1/2-1/2"]
[WhiteElo "2258"]
[BlackElo "2231"]
[PlyCount "23"]
[EventDate "2006.10.28"]
[EventType "team"]
[EventRounds "11"]
[EventCountry "AUT"]
[WhiteTeam "ASK St Valentin"]
[BlackTeam "Union Styria Kleine Zeitung Graz 2"]

1.e4 d5 2.exd5 Qxd5 3.Nc3 Qd6 4.d4 Nf6 5.Bg5 c6 6.Qd2 Bf5 7.Nf3 Nbd7 8.O-O-O e6
9.a3 Qc7 10.Ne5 Bd6 11.Nc4 Nd5 12.Nxd5